THE PSYCHOLOGICAL AND SOCIAL IMPACT OF ILLNESS AND DISABILITY (Record no. 19123)
[ view plain ]
| 000 -LEADER | |
|---|---|
| fixed length control field | 00325nam a22001337a 4500 |
| 003 - CONTROL NUMBER IDENTIFIER | |
| control field | SGT |
| 020 ## - INTERNATIONAL STANDARD BOOK NUMBER | |
| International Standard Book Number | 978-0-8261-6161-1 |
| 082 ## - DEWEY DECIMAL CLASSIFICATION NUMBER | |
| Classification number | 150 |
| Item number | MAR |
| 100 ## - MAIN ENTRY--PERSONAL NAME | |
| Personal name | MARINI, IRMO |
| 245 ## - TITLE STATEMENT | |
| Title | THE PSYCHOLOGICAL AND SOCIAL IMPACT OF ILLNESS AND DISABILITY |
| 260 ## - PUBLICATION, DISTRIBUTION, ETC. (IMPRINT) | |
| Place of publication, distribution, etc | NEW YORK |
| Name of publisher, distributor, etc | SPRINGER |
| Year of Publication | 2018 |
| 300 ## - PAGE DESCRIPTION | |
| No. of Pages | 579 |
| 942 ## - ADDED ENTRY ELEMENTS (KOHA) | |
| Source of classification or shelving scheme | Dewey Decimal Classification |
| Koha item type | Books |
| Withdrawn status | Lost status | Source of classification or shelving scheme | Damaged status | Not for loan | Collection code | Home library | Current library | Shelving location | Date acquired | Vendor Name | SGTU | Bill Number | Full call number | Accession No. (Barcode) | Date last seen | Bill Date | Koha item type |
|---|---|---|---|---|---|---|---|---|---|---|---|---|---|---|---|---|---|
| Dewey Decimal Classification | Not For Loan | EDUCATION | SGT Engineering Library | SGT Engineering Library | Text Book | 17/09/2019 | ADWELL | SGTU | 1393 | 150 MAR | ED4467 | 17/09/2019 | 04/09/2019 | Books |